[Event "?"]
[Site "ol (Men) Moscow RUS"]
[Date "1994.??.??"]
[Round "?"]
[White "Almasi, Zoltan"]
[Black "Kurajica, Bojan"]
[Result "0-1"]
[WhiteElo "2620"]
[BlackElo "2565"]

1. e4 c5 2. Nf3 e6 3. d4 cxd4 4. Nxd4 a6 5. Bd3 Bc5 6. Nb3 Be7 7. Nc3 Nc6
8. f4 d6 9. Be3 Nf6 10. Qf3 Nb4 11. O-O-O Qc7 12. Kb1 b5 13. g4 Nd7 14. g5
Bb7 15. Rhf1 Rc8 16. Qf2 Nxd3 17. cxd3 b4 18. Na4 Qc6 19. Nb6 Nxb6 20. Bxb6
O-O 21. Na5 Qd7 22. Qd4 Ba8 23. f5 exf5 24. exf5 Bxg5 25. f6 Qe6 26. fxg7
Rfe8 27. Qxb4 Qe2 28. Nc4 Bf3 29. Qb3 Bd5 30. Bd4 Qg4 31. Bc3 Rb8 32. Qa4
Bf3 33. Rxf3 Qxf3 34. Nxd6 Bf6 35. Bxf6 Qxf6 36. Qa3 Re2 37. Nc4 Rxh2 38.
d4 Qf5+ 39. Qd3 Qxd3+ 40. Rxd3 h5 41. d5 Rc8 42. Rc3 Rh4 43. Nb6 Rxc3 44.
bxc3 Kxg7 45. c4 Kf6 46. c5 Ke5 47. Kc2 Rb4 48. Kc3 Rb1 49. Kc4 Rc1+ 50.
Kb4 h4 51. d6 Ke6 0-1

[Event "?"]
[Site "Monarch Assurance"]
[Date "2002.??.??"]
[Round "?"]
[White "Zapata, Alonso"]
[Black "Epishin, Vladimir V"]
[Result "0-1"]
[WhiteElo "2545"]
[BlackElo "2640"]

1. e4 c5 2. Nf3 e6 3. d4 cxd4 4. Nxd4 a6 5. Bd3 Bc5 6. Nb3 Be7 7. O-O d6 8.
Qg4 g6 9. Qe2 Nd7 10. Be3 Ngf6 11. f4 O-O 12. c4 Re8 13. Nc3 b6 14. Rad1
Qc7 15. Bc1 Bb7 16. Rde1 Rad8 17. Bb1 Bf8 18. e5 Nh5 19. Be4 f5 20. exf6
Ndxf6 21. Bxb7 Qxb7 22. Nd4 e5 23. fxe5 dxe5 24. Nc2 Nf4 25. Qf3 Qxf3 26.
Rxf3 Bc5+ 27. Kh1 Ng4 28. Ne3 Nxe3 29. Bxe3 Nd3 30. Re2 e4 31. Rh3 Rf8 32.
g4 Rf3 33. Bxc5 Nxc5 34. Rxf3 exf3 35. Re3 Na4 36. Rxf3 Nxb2 37. Rf4 Rc8
38. Nd5 Rxc4 39. Rf2 Nd3 40. Rd2 Nf4 41. Nxf4 Rxf4 42. g5 Kf7 43. Rd6 Rb4
44. Kg2 Rg4+ 45. Kf3 Rxg5 46. Rxb6 Ra5 47. Rb7+ Kg8 48. h4 Rxa2 49. Ra7 Ra5
50. Kg4 h5+ 51. Kh3 Ra3+ 52. Kh2 a5 53. Kg2 Ra4 54. Kh3 Kf8 55. Kg3 Rg4+
56. Kh3 a4 57. Rc7 Ke8 0-1

[Event "?"]
[Site "POL Team Ch Extraliga"]
[Date "2004.??.??"]
[Round "?"]
[White "Macieja, Bartlomiej"]
[Black "Kveinys, Aloyzas"]
[Result "1/2-1/2"]
[WhiteElo "2630"]
[BlackElo "2550"]

1. e4 c5 2. Nf3 e6 3. d4 cxd4 4. Nxd4 a6 5. Bd3 Bc5 6. Nb3 Be7 7. c4 d6 8.
O-O Nf6 9. Nc3 O-O 10. f4 Nbd7 11. Qf3 Qc7 12. Bd2 b6 13. Rae1 Bb7 14. Qh3
Rfd8 15. g4 b5 16. cxb5 Nc5 17. bxa6 Bxa6 18. Bxa6 Nxb3 19. axb3 Rxa6 20.
g5 Nd7 21. f5 Qb6+ 22. Be3 Qxb3 23. g6 Nf6 24. gxf7+ Kxf7 25. fxe6+ Qxe6
26. Qxh7 Qg4+ 27. Kh1 Ra5 28. Nd5 Rh8 29. Qf5 Qxf5 30. Rxf5 Bd8 31. Bg5 Ra2
32. Re2 Ke6 33. Nf4+ Kf7 34. Nd5 Ke6 35. Nf4+ Kf7 36. Kg2 Re8 37. Rb5 Ra7
38. Rb8 Re5 39. h4 Be7 40. Bxf6 Bxf6 41. h5 Rg5+ 42. Kf3 Be5 43. Rf2 Bxf4
44. Kxf4 Rxh5 45. Kg4+ Kg6 46. Rb6 Rg5+ 47. Kf3 Rf7+ 48. Ke3 Rxf2 49. Kxf2
Kf7 50. Rxd6 Rb5 51. Rd2 Rb3 52. Ke2 Ke6 53. Kd1 Rb4 54. Rg2 Rxe4 55. Rxg7
Kd5 56. Rc7 Rd4+ 57. Kc2 Rc4+ 58. Rxc4 Kxc4 59. b3+ 1/2-1/2

[Event "?"]
[Site "Dos Hermanas ESP"]
[Date "2004.??.??"]
[Round "?"]
[White "Cheparinov, Ivan"]
[Black "Epishin, Vladimir V"]
[Result "1/2-1/2"]
[WhiteElo "2550"]
[BlackElo "2630"]

1. e4 c5 2. Nf3 e6 3. d4 cxd4 4. Nxd4 a6 5. Bd3 Bc5 6. Nb3 Be7 7. O-O d6 8.
c4 Nf6 9. Nc3 b6 10. f4 Nbd7 11. Be3 O-O 12. Qf3 Qc7 13. Rad1 Re8 14. Qh3
Bb7 15. Kh1 Rac8 16. Nd2 g6 17. f5 Bf8 18. fxe6 fxe6 19. Nf3 Bg7 20. Ng5
Nf8 21. e5 dxe5 22. c5 bxc5 23. Bc4 Qe7 24. Rd2 h6 25. Nf3 Nh5 26. Qg4 Nf6
27. Qh3 Nh5 28. Qg4 Nf6 1/2-1/2

[Event "?"]
[Site "Muensterland Open"]
[Date "2002.??.??"]
[Round "?"]
[White "Korneev, Oleg"]
[Black "Landa, Konstantin"]
[Result "1/2-1/2"]
[WhiteElo "2550"]
[BlackElo "2630"]

1. e4 c5 2. Nf3 e6 3. d4 cxd4 4. Nxd4 a6 5. Bd3 Bc5 6. Nb3 Be7 7. Qg4 g6 8.
Qe2 d6 9. O-O Nd7 10. a4 Ne5 11. a5 Nf6 12. Nc3 Bd7 13. Bh6 Nfg4 14. Bg7
Rg8 15. Bxe5 Nxe5 16. f4 Nxd3 17. cxd3 b6 18. Kh1 Bc6 19. d4 d5 20. axb6
dxe4 21. Rxa6 Kf8 22. Na5 Qc8 23. Rxa8 Qxa8 24. Nxc6 Qxc6 25. Qb5 Qxb5 26.
Nxb5 Kg7 27. Rc1 Rb8 28. Rc6 Ra8 29. Na7 Rb8 30. Nb5 Ra8 31. Na7 Rb8 32. g3
Bd8 33. Rc8 Rxb6 34. Rxd8 Rxb2 35. Kg1 Kf6 36. d5 e3 37. Kf1 Kf5 38. dxe6
fxe6 39. Nc6 Rxh2 40. Ne5 Rf2+ 41. Ke1 Rg2 42. Rd4 Rxg3 43. Nc4 g5 44. fxg5
Kxg5 45. Rd7 h5 46. Ke2 Rg4 47. Nxe3 Ra4 48. Rg7+ Kf6 49. Rg8 Rf4 50. Nf1
h4 51. Nd2 Ra4 52. Nf3 Ra2+ 53. Ke3 Ra3+ 54. Kf2 Ra2+ 55. Kg1 h3 1/2-1/2

[Event "?"]
[Site "Open Andorra"]
[Date "2003.??.??"]
[Round "?"]
[White "De la Riva Aguado, Oscar"]
[Black "Epishin, Vladimir V"]
[Result "1/2-1/2"]
[WhiteElo "2540"]
[BlackElo "2640"]

1. e4 c5 2. Nf3 e6 3. d4 cxd4 4. Nxd4 a6 5. Bd3 Bc5 6. Nb3 Be7 7. Qg4 g6 8.
Qe2 d6 9. a4 Nf6 10. Nc3 Nbd7 11. a5 Ne5 12. Na4 Nxd3+ 13. cxd3 e5 14. Nb6
Rb8 15. Nxc8 Rxc8 16. Bh6 Nh5 17. g3 Bg5 18. Bxg5 Qxg5 19. h4 Qe7 20. O-O
O-O 21. Rac1 Ng7 22. Rxc8 Rxc8 23. Rc1 Rxc1+ 24. Nxc1 Ne6 25. Nb3 h5 26.
Qd2 Qd7 27. Kg2 Kh7 28. Qe3 Qb5 29. d4 exd4 30. Nxd4 Nxd4 31. Qxd4 Qxa5 32.
Qxd6 Qb5 33. b4 1/2-1/2

[Event "?"]
[Site "GER-CupT final"]
[Date "2001.??.??"]
[Round "?"]
[White "Lutz, Christopher"]
[Black "Epishin, Vladimir V"]
[Result "1/2-1/2"]
[WhiteElo "2605"]
[BlackElo "2575"]

1. e4 c5 2. Nf3 e6 3. d4 cxd4 4. Nxd4 a6 5. Bd3 Bc5 6. Nb3 Be7 7. Qg4 g6 8.
Qe2 d6 9. O-O Nd7 10. a4 Ne5 11. a5 Nf6 12. Be3 O-O 13. Bb6 Qe8 14. Nc3
Nxd3 15. cxd3 e5 16. Nd2 Be6 17. f4 exf4 18. Rxf4 Nd7 19. Be3 Rc8 20. Rff1
Qd8 21. d4 f6 22. Qe1 Bf7 23. Qg3 Re8 24. h3 b5 25. Bf4 Qc7 26. Rfc1 Qa7
27. Be3 Qb7 28. d5 Ne5 29. Bd4 b4 30. Na4 Qb5 31. Nb6 Rxc1+ 32. Rxc1 Qxa5
33. Nc8 Bf8 34. Na7 b3 35. Qe3 f5 36. Nc6 Qb5 37. Rc3 Bg7 38. Rxb3 Qa4 39.
Bxe5 dxe5 40. Rb7 fxe4 41. Kh2 Bxd5 42. Ne7+ Rxe7 43. Rxe7 Qd4 44. Nf1 Bc4
45. Rc7 Qxe3 46. Nxe3 Bb5 47. Kg3 h5 48. Nd5 e3 49. Nxe3 e4 50. Kf4 Bxb2
51. Nd5 Bd3 52. Kg5 a5 53. Rb7 Bd4 54. Nf6+ Bxf6+ 55. Kxf6 e3 56. Rb8+ Kh7
57. Rb7+ Kg8 58. Rb8+ 1/2-1/2

[Event "?"]
[Site "Aeroflot Open"]
[Date "2002.??.??"]
[Round "?"]
[White "Sadvakasov, Darmen"]
[Black "Kobalia, Mikhail"]
[Result "0-1"]
[WhiteElo "2555"]
[BlackElo "2620"]

1. e4 c5 2. Nf3 e6 3. d4 cxd4 4. Nxd4 a6 5. Bd3 Bc5 6. Nb3 Be7 7. O-O d6 8.
c4 Nf6 9. Nc3 Nbd7 10. Be3 Qc7 11. f4 b6 12. Nd2 Bb7 13. Rc1 Rc8 14. b4 Qb8
15. Qe2 O-O 16. Nb3 Rfe8 17. c5 dxc5 18. e5 Nd5 19. Nxd5 Bxd5 20. Bxa6 Rc7
21. bxc5 Nxc5 22. Bc4 Rd8 23. Rfd1 Qa8 24. Bxd5 Rxd5 25. Rxd5 Qxd5 26. Nxc5
Bxc5 27. Bxc5 bxc5 28. Rd1 Qa8 29. Qa6 Qe8 30. Qc4 h6 31. a4 Qa8 32. h3 Rb7
33. Qe4 Qc8 34. Rc1 Rb2 35. Kh2 Qc7 36. Qa8+ Kh7 37. a5 Rb4 38. Qf8 Rb5 39.
a6 Ra5 40. Qa8 f5 41. Rb1 Qd7 42. Rb8 Ra3 43. Rh8+ Kg6 44. Qg8 Rxa6 0-1

[Event "?"]
[Site "(championnat Nationale"]
[Date "2003.??.??"]
[Round "?"]
[White "Marzolo, Cyril"]
[Black "Svidler, Peter"]
[Result "0-1"]
[WhiteElo "2465"]
[BlackElo "2710"]

1. e4 c5 2. Nf3 e6 3. d4 cxd4 4. Nxd4 a6 5. Bd3 Bc5 6. Nb3 Be7 7. c4 d6 8.
Nc3 Nf6 9. O-O b6 10. f4 Nc6 11. Be3 Bb7 12. Rc1 O-O 13. Qe2 Nd7 14. Rfd1
Qb8 15. Bb1 Rd8 16. e5 dxe5 17. f5 exf5 18. Bxf5 Nf6 19. Nd5 Nxd5 20. cxd5
Nb4 21. Bxb6 Rxd5 22. Rf1 g6 23. Qg4 Bc6 24. Be3 Qe8 25. a3 Nd3 26. Be6 Bd7
27. Bxd7 Qxd7 28. Qxd7 Rxd7 29. Rcd1 Rad8 30. Rd2 f5 0-1

[Event "?"]
[Site "Bundesliga"]
[Date "2002.??.??"]
[Round "?"]
[White "Luther, Thomas"]
[Black "Dorfman, Josif D"]
[Result "1/2-1/2"]
[WhiteElo "2570"]
[BlackElo "2600"]

1. e4 c5 2. Nf3 e6 3. d4 cxd4 4. Nxd4 a6 5. Bd3 Bc5 6. Nb3 Be7 7. Qg4 g6 8.
Qe2 d6 9. c4 Nd7 10. Nc3 Qc7 11. Be3 Ngf6 12. Rc1 O-O 1/2-1/2

[Event "?"]
[Site "NK Rapid, Vlaardingen NED"]
[Date "2005.??.??"]
[Round "4"]
[White "Naiditsch, Arkadij"]
[Black "Chuchelov, Vladimir"]
[Result "1-0"]
[WhiteElo "2640"]
[BlackElo "2530"]

1. e4 c5 2. Nf3 e6 3. d4 cxd4 4. Nxd4 a6 5. Bd3 Bc5 6. Nb3 Be7 7. Qg4 g6 8.
Qe2 d6 9. O-O Nd7 10. Na3 Qc7 11. Kh1 b6 12. Nc4 Bb7 13. a4 Ngf6 14. Bh6
Bf8 15. Bf4 e5 16. Bg5 Bg7 17. f4 O-O 18. Rad1 Rfe8 19. fxe5 dxe5 20. Qf2
h6 21. Bxf6 Nxf6 22. Qxb6 Qxb6 23. Nxb6 Rab8 24. Rxf6 Bxf6 25. Nd7 Be7 26.
Nxb8 Rxb8 27. Na5 Ba8 28. b3 Bb4 29. Nc4 a5 30. Nxe5 Kg7 31. Rf1 Rb7 32.
Bc4 f6 33. Nd3 Bc3 34. Bd5 Ra7 35. Nf4 Be5 36. Ne6+ Kf7 37. c4 Bxd5 38.
exd5 Rb7 39. Nd8+ Ke8 1-0

[Event "?"]
[Site "Dos Hermanas ESP"]
[Date "2003.??.??"]
[Round "?"]
[White "Karjakin, Sergey"]
[Black "Epishin, Vladimir V"]
[Result "1/2-1/2"]
[WhiteElo "2545"]
[BlackElo "2625"]

1. e4 c5 2. Nf3 e6 3. d4 cxd4 4. Nxd4 a6 5. Bd3 Bc5 6. Nb3 Be7 7. O-O d6 8.
c4 Nf6 9. Nc3 Nc6 10. f4 b6 11. Be3 Bb7 12. Rc1 Rb8 13. Qf3 Nd7 14. Qh3 Nc5
15. Bb1 Qc8 16. Nd2 Bf6 17. Nf3 h6 18. Qg3 Qc7 19. f5 Rd8 20. Bf4 Nd4 21.
Nxd4 Bxd4+ 22. Kh1 Bxc3 23. Rxc3 f6 24. fxe6 Nxe6 25. Be3 Rd7 26. Qg6+ Rf7
27. Qg4 Bc8 28. e5 dxe5 29. Bg6 O-O 30. Bxf7+ Rxf7 31. Qg6 Nf8 32. Qc2 Qc6
33. Qb3 Bb7 34. Rg1 Nd7 35. c5 bxc5 36. Qc2 f5 37. Bxc5 f4 38. Bf2 Qe6 39.
Rc7 Nf6 40. Rxf7 Qxf7 41. Qb3 Bd5 42. Qb8+ Kh7 1/2-1/2

[Event "?"]
[Site "Open Reykjavik ISL"]
[Date "2002.??.??"]
[Round "?"]
[White "Stefansson, Hannes H"]
[Black "Korneev, Oleg"]
[Result "0-1"]
[WhiteElo "2600"]
[BlackElo "2565"]

1. e4 c5 2. Nf3 e6 3. d4 cxd4 4. Nxd4 a6 5. Bd3 Bc5 6. Nb3 Be7 7. Qg4 g6 8.
Qe2 d6 9. O-O Nd7 10. f4 Qc7 11. a4 b6 12. Nc3 Bb7 13. Bd2 Ngf6 14. Rae1
O-O 15. f5 exf5 16. exf5 Rfe8 17. fxg6 hxg6 18. Ne4 Nxe4 19. Bxe4 Bh4 20.
Qg4 Nf6 21. Qxh4 Nxe4 22. Be3 Re5 23. Bd4 Qxc2 24. Bxe5 dxe5 25. Qe7 Bd5
26. Nc1 Rc8 27. Re2 Qc4 28. Rfe1 Qd4+ 0-1

[Event "?"]
[Site "ch-NED, Hilversum NED"]
[Date "2006.??.??"]
[Round "3"]
[White "Van der Wiel, John T H"]
[Black "Van Wely, Loek"]
[Result "0-1"]
[WhiteElo "2510"]
[BlackElo "2655"]

1. e4 c5 2. Nf3 e6 3. d4 cxd4 4. Nxd4 a6 5. Bd3 Bc5 6. Nb3 Be7 7. Qg4 g6 8.
Qe2 d6 9. Be3 Nf6 10. N1d2 Nc6 11. Nc4 Nd7 12. a4 d5 13. exd5 exd5 14. Ncd2
O-O 15. Nf3 Re8 16. O-O Bd6 17. Bg5 f6 18. Be3 Nde5 19. h3 Bc7 20. Nfd4 Nb4
21. Bf4 Qd6 22. Bg3 Bd7 23. Qd2 Nbxd3 24. cxd3 Bb6 25. Rfc1 Bxh3 26. gxh3
Nf3+ 27. Kg2 Qxg3+ 28. Kxg3 Nxd2 29. Nc5 Rac8 30. b4 a5 31. Nb5 axb4 32.
Nd7 Rxc1 33. Rxc1 Re6 34. Rd1 Nb3 35. Rb1 Nc5 36. Nd4 Rd6 37. Rxb4 Nxd7 0-1

[Event "?"]
[Site "Open Cannes FRA"]
[Date "1998.??.??"]
[Round "?"]
[White "Dorfman, Josif D"]
[Black "Shchekachev, Andrei"]
[Result "1-0"]
[WhiteElo "2600"]
[BlackElo "2565"]

1. e4 c5 2. Nf3 e6 3. d4 cxd4 4. Nxd4 a6 5. Bd3 Bc5 6. Nb3 Be7 7. O-O d6 8.
Qg4 g6 9. Qe2 Nc6 10. c4 Qc7 11. Be3 Ne5 12. Nc3 Bd7 13. Rac1 Nf6 14. Nd2
O-O 15. h3 Rfc8 16. b3 Qa5 17. Bb1 Be8 18. f4 Ned7 19. Qf2 b5 20. Ne2 b4
21. Kh1 Qc7 22. f5 Ne5 23. fxe6 fxe6 24. Bg5 Nh5 25. Bh6 Bd7 26. Nf3 Nf7
27. Bd2 Qb7 28. e5 dxe5 29. Ng3 Bc5 30. Qe1 Nxg3+ 31. Qxg3 e4 32. Nh2 e5
33. Rce1 Bc6 34. Ng4 Rf8 35. Bxe4 Bxe4 36. Nf6+ Kg7 37. Nxe4 Bd4 38. Qh4
Rae8 39. Rf3 h5 40. Ref1 Qe7 41. Qxe7 1-0

[Event "?"]
[Site "Olympiad Bled SLO"]
[Date "2002.??.??"]
[Round "?"]
[White "Hracek, Zbynek"]
[Black "Kotsur, Pavel"]
[Result "1/2-1/2"]
[WhiteElo "2585"]
[BlackElo "2575"]

1. e4 c5 2. Nf3 e6 3. d4 cxd4 4. Nxd4 a6 5. Bd3 Bc5 6. Nb3 Be7 7. O-O d6 8.
c4 Nf6 9. Nc3 b6 10. Nd4 Qc7 11. b3 Nbd7 12. Bb2 Bb7 13. Qe2 Qc5 14. Rad1
Qh5 15. Qxh5 Nxh5 16. Nde2 Nhf6 17. f3 Rf8 1/2-1/2

[Event "?"]
[Site "World Open Philadelphia, PA US"]
[Date "2000.??.??"]
[Round "?"]
[White "Fedorowicz, John P"]
[Black "Ehlvest, Jaan"]
[Result "1/2-1/2"]
[WhiteElo "2540"]
[BlackElo "2620"]

1. e4 c5 2. Nf3 e6 3. d4 cxd4 4. Nxd4 a6 5. Bd3 Bc5 6. Nb3 Be7 7. Qg4 g6 8.
Qe2 d6 9. c4 Nd7 10. Nc3 b6 11. O-O Bb7 12. f4 Qc7 13. f5 1/2-1/2

[Event "?"]
[Site "Russie (championnat equipes)"]
[Date "2003.??.??"]
[Round "?"]
[White "Nevostrujev, Vladimir"]
[Black "Kobalia, Mikhail"]
[Result "0-1"]
[WhiteElo "2525"]
[BlackElo "2635"]

1. e4 c5 2. Nf3 e6 3. d4 cxd4 4. Nxd4 a6 5. Bd3 Bc5 6. Nb3 Be7 7. Qg4 g6 8.
Qe2 d6 9. c4 Qc7 10. Nc3 Nd7 11. O-O b6 12. Kh1 Bb7 13. f4 Ngf6 14. Nd4 O-O
15. f5 exf5 16. exf5 Ne5 17. fxg6 hxg6 18. Bg5 Nfg4 19. Bxe7 Qxe7 20. Nd5
Qh4 21. g3 Bxd5+ 22. cxd5 Qxh2+ 23. Qxh2 Nxh2 24. Kxh2 Nxd3 25. b3 Nb4 26.
Nc6 Nxd5 27. Rfd1 Nc3 28. Rxd6 Rfe8 29. Rf1 Re2+ 30. Kh3 Ne4 31. Rd7 Re8
32. Kg4 f5+ 33. Kf4 Nc5 34. Ra7 Ne6+ 35. Kf3 Ng5+ 0-1

[Event "?"]
[Site "Open 7th Nova Gorica SLO"]
[Date "2002.??.??"]
[Round "?"]
[White "Korneev, Oleg"]
[Black "Epishin, Vladimir V"]
[Result "1/2-1/2"]
[WhiteElo "2565"]
[BlackElo "2595"]

1. e4 c5 2. Nf3 e6 3. d4 cxd4 4. Nxd4 a6 5. Bd3 Bc5 6. Nb3 Be7 7. Nc3 d6 8.
f4 Nf6 9. Qf3 e5 10. fxe5 dxe5 11. Bg5 Nc6 12. Bxf6 Bxf6 13. O-O-O Nd4 14.
Nxd4 exd4 15. Nd5 Be5 16. Kb1 Be6 17. Bc4 O-O 18. Bb3 a5 19. Nf4 Bxb3 20.
cxb3 a4 21. Nd3 Qe7 22. bxa4 Rxa4 23. Rc1 g6 24. Rhf1 Ra5 25. Rf2 Bg7 26.
Re2 Bh6 27. Rc4 Qe6 28. b3 Be3 29. h3 h5 30. Rec2 Rg5 31. Rc5 Rxc5 32. Rxc5
Rc8 33. Rxc8+ Qxc8 34. e5 Qc3 35. Qe2 Kf8 36. Qc2 Ke7 37. Qxc3 dxc3 38. Kc2
Bd4 39. Nf4 Bxe5 40. Nd5+ Kd6 41. Nxc3 f5 42. Kd3 g5 43. Nd1 g4 1/2-1/2

[Event "?"]
[Site "eme open) Bratto ITA"]
[Date "2003.??.??"]
[Round "?"]
[White "Sax, Gyula"]
[Black "Epishin, Vladimir V"]
[Result "1-0"]
[WhiteElo "2520"]
[BlackElo "2640"]

1. e4 c5 2. Nf3 e6 3. d4 cxd4 4. Nxd4 a6 5. Bd3 Bc5 6. Nb3 Be7 7. Qg4 g6 8.
Qe2 d6 9. Nc3 Nd7 10. Bd2 Ngf6 11. Bh6 b5 12. O-O-O Bb7 13. f4 Rc8 14. Bg7
Rg8 15. Bxf6 Nxf6 16. e5 Nh5 17. Rhf1 d5 18. Kb1 Ng7 19. g4 Bc6 20. Nd4 Bd7
21. f5 Qb6 22. Qf2 gxf5 23. gxf5 Bc5 24. fxe6 Bxe6 25. Nce2 Kd7 26. Qh4
Rcf8 27. Qxh7 Qb8 28. Nxe6 fxe6 29. Nf4 Kc6 30. Ng6 Rxf1 31. Rxf1 Kb6 32.
Rf7 Nf5 33. Bxf5 exf5 34. Rxf5 Qc8 35. Rf6+ Ka5 36. a3 b4 37. axb4+ Bxb4
38. Qf7 Rd8 39. Ne7 Bxe7 40. Qxe7 Kb5 41. Qa3 d4 42. Qb3+ Kc5 43. Qb6+ Kd5
44. Qxd8+ 1-0

[Event "?"]
[Site "Abu Dhabi Masters Open"]
[Date "2002.??.??"]
[Round "?"]
[White "Gleizerov, Evgeny"]
[Black "Ulibin, Mikhail"]
[Result "1/2-1/2"]
[WhiteElo "2575"]
[BlackElo "2585"]

1. e4 c5 2. Nf3 e6 3. d4 cxd4 4. Nxd4 Qb6 5. Nc3 Bc5 6. Na4 Qa5+ 7. Nc3 Qb6
8. Na4 Qa5+ 9. Nc3 Qb6 10. Na4 Qa5+ 1/2-1/2

[Event "?"]
[Site "8th Neckar Open, Deizisau GER"]
[Date "2004.??.??"]
[Round "7"]
[White "Schmaltz, Roland"]
[Black "Epishin, Vladimir V"]
[Result "1-0"]
[WhiteElo "2525"]
[BlackElo "2630"]

1. e4 c5 2. Nf3 e6 3. d4 cxd4 4. Nxd4 a6 5. Bd3 Bc5 6. Nb3 Be7 7. Nc3 d6 8.
O-O Nf6 9. f4 e5 10. Kh1 O-O 11. Be3 Nbd7 12. Qd2 b6 13. Nd5 a5 14. Rae1 a4
15. Nc1 Nxd5 16. exd5 Bf6 17. Bb5 Nc5 18. c4 Bd7 19. Bxd7 Qxd7 20. Ne2 exf4
21. Bxf4 Rfe8 22. Nc3 Rxe1 23. Rxe1 Re8 24. Rxe8+ Qxe8 25. h3 Qe7 26. Nb5
Ne4 27. Qe3 g5 28. Bh2 h5 29. g4 h4 30. Kg2 Kf8 31. Kf3 Ng3 32. Qxe7+ Kxe7
33. Bxg3 hxg3 34. b3 axb3 35. axb3 Be5 36. Na7 Bf4 37. Nc8+ Kf6 38. Nxb6
Ke5 39. b4 Kd4 40. b5 Be3 41. Nc8 1-0

[Event "?"]
[Site "ISR Team Ch Israel"]
[Date "2003.??.??"]
[Round "?"]
[White "Gruenfeld, Yehuda"]
[Black "Smirin, Ilia"]
[Result "0-1"]
[WhiteElo "2495"]
[BlackElo "2660"]

1. e4 c5 2. Nf3 e6 3. d4 cxd4 4. Nxd4 a6 5. Bd3 Bc5 6. Nb3 Be7 7. O-O d6 8.
c4 b6 9. Nc3 Bb7 10. Qg4 g6 11. Qe2 Qc7 12. Be3 Nd7 13. Rac1 h5 14. f4 Ngf6
15. f5 gxf5 16. Bg5 Rg8 17. h4 fxe4 18. Bxe4 Rc8 19. Bxb7 Qxb7 20. Nd4 Rc5
21. b4 Re5 22. Qf3 Qxf3 23. Rxf3 Rexg5 24. hxg5 Rxg5 25. Rcf1 Rg4 26. Nce2
Bf8 27. a3 Re4 28. Rf4 Rxf4 29. Nxf4 e5 30. Nf5 exf4 31. Rxf4 Kd8 32. Kf1
Ng4 33. Ke2 Ngf6 34. Kd1 Ne5 35. Kc2 Nfg4 36. Kb3 Kd7 37. Rf1 Be7 38. Rh1
Nf6 39. Ng3 Bd8 40. Nxh5 Ne4 41. Rd1 Bg5 42. Rd4 Nd2+ 43. Ka2 Ndxc4 44. Ng3
Ke6 45. Ne4 Be3 46. Rd1 d5 47. Nc3 d4 0-1

[Event "?"]
[Site "EUCup"]
[Date "2002.??.??"]
[Round "?"]
[White "Yemelin, Vasily"]
[Black "Landa, Konstantin"]
[Result "1/2-1/2"]
[WhiteElo "2530"]
[BlackElo "2620"]

1. e4 c5 2. Nf3 e6 3. d4 cxd4 4. Nxd4 a6 5. Bd3 Bc5 6. Nb3 Be7 7. Qg4 g6 8.
Qe2 d6 9. c4 Nd7 10. Nc3 Qc7 11. O-O Ne5 12. h3 Bd7 13. Be3 Rc8 14. Nd2 Nf6
15. Rac1 Nxd3 16. Qxd3 O-O 17. b3 Bc6 18. Bg5 Qa5 19. f4 Rfe8 20. Kh2 Rcd8
21. Nf3 Nh5 22. Qd2 Bxg5 23. fxg5 d5 24. cxd5 exd5 25. exd5 Bxd5 26. Nxd5
Qxd2 27. Nxd2 Rxd5 28. Nf3 Rd7 1/2-1/2

[Event "?"]
[Site "Nefteyugansk"]
[Date "2000.??.??"]
[Round "?"]
[White "Vescovi, Giovanni"]
[Black "Ehlvest, Jaan"]
[Result "1-0"]
[WhiteElo "2525"]
[BlackElo "2625"]

1. e4 c5 2. Nf3 e6 3. d4 cxd4 4. Nxd4 a6 5. Bd3 Bc5 6. Nb3 Be7 7. O-O d6 8.
Qg4 g6 9. Qe2 Nd7 10. c4 Qc7 11. Nc3 b6 12. Be3 Bb7 13. Rac1 Ngf6 14. Bh6
Ne5 15. f4 Nxd3 16. Qxd3 Rc8 17. Qd4 Qd8 18. Rcd1 Rg8 19. Bg5 h6 20. Bh4 g5
21. fxg5 hxg5 22. Bg3 e5 23. Qf2 Rf8 24. Qe2 Qc7 25. Nd2 Rh8 26. Bf2 Bd8
27. Be3 Nh5 28. g3 Qd7 29. c5 b5 30. Nf3 f6 31. cxd6 Rc6 32. Qf2 b4 33. Na4
Nf4 34. gxf4 gxf4 35. Bc5 Qh7 36. d7+ Kf7 37. Qe2 Re6 38. Rfe1 Rg8+ 39. Kf2
f5 40. Qc4 fxe4 41. Rd6 e3+ 42. Bxe3 Rg2+ 43. Kxg2 Bxf3+ 44. Kxf3 Qh5+ 45.
Kg2 1-0

[Event "?"]
[Site "5th IECC, Antalya TUR"]
[Date "2004.??.??"]
[Round "4"]
[White "Parligras, Mircea"]
[Black "Markowski, Tomasz"]
[Result "1/2-1/2"]
[WhiteElo "2545"]
[BlackElo "2605"]

1. e4 c5 2. Nf3 e6 3. d4 cxd4 4. Nxd4 a6 5. Bd3 Bc5 6. Nb3 Be7 7. Be3 d6 8.
N1d2 b6 9. Qe2 Nf6 10. f4 Nc6 11. c3 b5 12. O-O O-O 13. Nd4 Bd7 14. Nxc6
Bxc6 15. Bd4 Nd7 16. Nf3 Nc5 17. Bc2 1/2-1/2

[Event "?"]
[Site "Europe (championnat)"]
[Date "2003.??.??"]
[Round "?"]
[White "Shomoev, Anton"]
[Black "Agrest, Evgenij"]
[Result "0-1"]
[WhiteElo "2555"]
[BlackElo "2590"]

1. e4 c5 2. Nf3 e6 3. d4 cxd4 4. Nxd4 a6 5. Bd3 Bc5 6. Nb3 Be7 7. O-O d6 8.
c4 b6 9. Nc3 Bb7 10. Be3 Nf6 11. a4 Nc6 12. a5 bxa5 13. Na4 O-O 14. Bb6 Qb8
15. Re1 Nd7 16. Bxa5 Nxa5 17. Nxa5 Ra7 18. b4 Ba8 19. Rb1 Qc7 20. Qd2 Nf6
21. Bf1 Rb8 22. Qe3 Ng4 23. Qg3 Nf6 24. Bd3 g6 25. h3 Qd8 26. Qe3 Rd7 27.
Bc2 Nh5 28. Nc3 Bg5 29. Qf3 f5 30. Qd1 Bf6 31. Qd2 Be5 32. Ba4 Nf4 33. Ne2
Qg5 34. Nxf4 Bxf4 35. Qd3 fxe4 36. Rxe4 Rc7 37. g3 Bxe4 38. Qxe4 Be5 39.
Nc6 Rf8 40. b5 axb5 41. cxb5 Rcf7 42. Nxe5 dxe5 43. Rf1 Qxg3+ 44. fxg3
Rxf1+ 45. Kh2 R8f2+ 46. Qg2 Rxg2+ 47. Kxg2 Rb1 0-1

[Event "?"]
[Site "Sigeman & Co"]
[Date "2002.??.??"]
[Round "?"]
[White "Wedberg, Tom"]
[Black "Epishin, Vladimir V"]
[Result "1/2-1/2"]
[WhiteElo "2540"]
[BlackElo "2605"]

1. e4 c5 2. Nf3 e6 3. d4 cxd4 4. Nxd4 a6 5. Bd3 Bc5 6. Nb3 Be7 7. O-O d6 8.
c4 Nf6 9. Nc3 Nc6 10. f4 b6 11. Qf3 Bb7 12. Bd2 O-O 13. Qh3 b5 14. cxb5
axb5 15. Nxb5 d5 16. exd5 exd5 17. Bc3 Ne4 18. N5d4 Nb4 19. Bxe4 dxe4 20.
Nf5 f6 21. Nbd4 Bd5 22. Qg3 g6 23. Nxe7+ Qxe7 24. f5 g5 25. a3 Nd3 26. Qe3
Rab8 27. Rab1 1/2-1/2

[Event "?"]
[Site "Skolernes Skakklub"]
[Date "1997.??.??"]
[Round "?"]
[White "Stefansson, Hannes H"]
[Black "Kengis, Edvins"]
[Result "0-1"]
[WhiteElo "2555"]
[BlackElo "2585"]

1. e4 c5 2. Nf3 e6 3. d4 cxd4 4. Nxd4 a6 5. Bd3 Bc5 6. Nb3 Be7 7. O-O d6 8.
Nc3 Nf6 9. a4 b6 10. f4 Qc7 11. Bd2 Bb7 12. Qe2 Nbd7 13. Rae1 e5 14. f5 O-O
15. Bg5 Rfe8 16. Rd1 d5 17. exd5 e4 18. Bc4 Ne5 19. d6 Bxd6 20. Bxf6 Nxc4
21. Qg4 Bxh2+ 22. Kh1 Qg3 23. Qxg3 Bxg3 24. Bd4 e3 25. Ne2 Bc7 26. Bc3 Re4
27. Rd4 Rxd4 28. Nbxd4 Re8 29. f6 g6 30. Rd1 Rd8 31. b3 Ne5 0-1

[Event "?"]
[Site "HUN-GER Match ;The Week in Che"]
[Date "2004.??.??"]
[Round "6"]
[White "Lutz, Christopher"]
[Black "Horvath, Csaba"]
[Result "1-0"]
[WhiteElo "2595"]
[BlackElo "2545"]

1. e4 c5 2. Nf3 e6 3. d4 cxd4 4. Nxd4 a6 5. Bd3 Bc5 6. Nb3 Be7 7. Qg4 g6 8.
Qe2 b6 9. Be3 d6 10. N1d2 Nf6 11. O-O-O Bb7 12. f4 Qc7 13. g4 h6 14. Kb1
Nbd7 15. Rhf1 b5 16. h3 e5 17. Rc1 exf4 18. Bxf4 Ne5 19. c4 b4 20. c5 dxc5
21. Nc4 Nfd7 22. Nba5 f6 23. Nxb7 Qxb7 24. Ne3 Bd6 25. Nd5 Nxd3 26. Qxd3
Bxf4 27. Nxf4 O-O-O 28. Ne6 Rde8 29. Nxc5 Nxc5 30. Rxc5+ Kb8 31. Qd6+ Ka8
32. Rc6 Qb5 33. Rfc1 Kb7 34. R6c5 1-0

[Event "?"]
[Site "1st Rapid, Venaco FRA"]
[Date "2005.??.??"]
[Round "7"]
[White "Kogan, Artur"]
[Black "Agrest, Evgenij"]
[Result "1-0"]
[WhiteElo "2570"]
[BlackElo "2570"]

1. e4 c5 2. Nf3 e6 3. d4 cxd4 4. Nxd4 a6 5. Bd3 Bc5 6. Nb3 Be7 7. Qg4 g6 8.
O-O d6 9. Na3 Nd7 10. Nc4 b6 11. a4 Bb7 12. Qe2 Ne5 13. Nxe5 dxe5 14. c4 a5
15. Rd1 Qc7 16. c5 bxc5 17. Bb5+ Bc6 18. Be3 Qb6 19. Rac1 Bxb5 20. axb5 Rc8
21. Nxc5 Bxc5 22. Rxc5 Rxc5 23. Qd2 Kf8 24. b4 axb4 25. Qxb4 Kg7 26. Bxc5
Qb7 27. Bd6 f6 28. Rc1 Ne7 29. Bxe7 Rb8 30. Rb1 Qd7 31. h3 Qd4 32. b6 Kf7
33. Bd6 Rb7 34. Bc7 f5 35. Qxd4 exd4 36. e5 g5 37. Rd1 f4 38. Rxd4 Kg6 39.
Rd8 1-0